Natural language processing with Python (Record no. 3671)
[ view plain ]
| 000 -LEADER | |
|---|---|
| fixed length control field | 00690nam a22002417a 4500 |
| 003 - CONTROL NUMBER IDENTIFIER | |
| control field | OSt |
| 005 - DATE AND TIME OF LATEST TRANSACTION | |
| control field | 20220107122732.0 |
| 008 - FIXED-LENGTH DATA ELEMENTS--GENERAL INFORMATION | |
| fixed length control field | 140405b xxu||||| |||| 00| 0 eng d |
| 020 ## - INTERNATIONAL STANDARD BOOK NUMBER | |
| International Standard Book Number | 9788184047486 |
| 040 ## - CATALOGING SOURCE | |
| Transcribing agency | IIITM-K |
| 082 ## - DEWEY DECIMAL CLASSIFICATION NUMBER | |
| Classification number | 005.133P BIR/N |
| 100 ## - MAIN ENTRY--PERSONAL NAME | |
| Personal name | Bird, Steven |
| 9 (RLIN) | 3480 |
| 245 ## - TITLE STATEMENT | |
| Title | Natural language processing with Python |
| Statement of responsibility, etc. | by Steven Bird; Ewan Klein; Edward Loper |
| 260 ## - PUBLICATION, DISTRIBUTION, ETC. | |
| Place of publication, distribution, etc. | Mumbai, |
| Name of publisher, distributor, etc. | O'Reilly, |
| Date of publication, distribution, etc. | 2009. |
| 300 ## - PHYSICAL DESCRIPTION | |
| Extent | xx, 479p. |
| 650 ## - SUBJECT ADDED ENTRY--TOPICAL TERM | |
| Topical term or geographic name entry element | LANGUAGE TECHNOLOGY |
| 9 (RLIN) | 3481 |
| 650 ## - SUBJECT ADDED ENTRY--TOPICAL TERM | |
| Topical term or geographic name entry element | NATURAL LANGUAGE PROCESSING |
| 9 (RLIN) | 3482 |
| 650 ## - SUBJECT ADDED ENTRY--TOPICAL TERM | |
| Topical term or geographic name entry element | NLP |
| 9 (RLIN) | 3483 |
| 650 ## - SUBJECT ADDED ENTRY--TOPICAL TERM | |
| Topical term or geographic name entry element | PYTHON PROGRAMMING |
| 9 (RLIN) | 3484 |
| 700 ## - ADDED ENTRY--PERSONAL NAME | |
| Personal name | Klein, Ewan |
| 9 (RLIN) | 3485 |
| 700 ## - ADDED ENTRY--PERSONAL NAME | |
| Personal name | Loper, Edward |
| 9 (RLIN) | 3486 |
| 942 ## - ADDED ENTRY ELEMENTS (KOHA) | |
| Source of classification or shelving scheme | Dewey Decimal Classification |
| Koha item type | Books |
| Withdrawn status | Lost status | Source of classification or shelving scheme | Damaged status | Not for loan | Home library | Current library | Shelving location | Date acquired | Cost, normal purchase price | Total Checkouts | Full call number | Barcode | Date last seen | Date last checked out | Price effective from | Koha item type |
|---|---|---|---|---|---|---|---|---|---|---|---|---|---|---|---|---|
| Dewey Decimal Classification | Kerala University of Digital Sciences, Innovation and Technology Knowledge Centre | Kerala University of Digital Sciences, Innovation and Technology Knowledge Centre | Computer Science | 05/04/2014 | 638.00 | 26 | 005.133P BIR/N | 3337 | 17/07/2024 | 21/06/2024 | 05/04/2014 | Books |